| 000 | 01088nas a2200373 4500 | ||
|---|---|---|---|
| 001 | BR0305606 | ||
| 003 | BR-BrBNA | ||
| 005 | 20231205104150.0 | ||
| 007 | ta | ||
| 008 | 230509b bl.|||p| |||| 00| 00por d | ||
| 040 |
_aBR-BrBNA _bpor _cBiblioteca Nacional de Agricultura |
||
| 041 | _a(Pt) | ||
| 072 | _aL73; L50 | ||
| 100 | 1 | _aMelo, C.B. | |
| 100 | 1 | _aLobato, Z.I.P. | |
| 100 | 1 | _aCamargos, M.F. | |
| 100 | 1 | _aSouza, G.N. | |
| 100 | 1 | _aMartins, N.R.S. | |
| 100 | 1 | _aLeite, R.C. | |
| 245 | 1 | _aDistribuição de anticorpos para herpesvírus bovino 1 em rebanhos bovinos | |
| 650 | _aGADO LEITEIRO | ||
| 650 | _aGADO DE CORTE | ||
| 650 | _aBIOQUÍMICA ANIMAL | ||
| 650 | _aHERPESVÍRUS | ||
| 650 | _aDOENÇA ANIMAL | ||
| 650 | _aRINOTRAQUEÍTE | ||
| 650 | _aVULVOVAGINITE | ||
| 650 | _aVÍRUS | ||
| 650 | _aBALANOPOSTÍTE | ||
| 650 | _aANTICORPO | ||
| 773 | 0 |
_tArquivo Brasileiro de Medicina Veterinária e Zootecnia (Brazil) _xISSN 0102-0935 _g(Dec 2002), v. 54(6) p. 575-580 _wBR0305606 |
|
| 909 |
_a202311 _bLúcia _c55 _dLúcia Elande |
||
| 942 |
_2AGRIS _n0 _cANA |
||
| 999 |
_c176709 _d176709 |
||